Score 0/9 Timer 02:00
4 Plays Today
% Correct
Princess Diana
98.3%
Prince Charles
96.8%
Queen Elizabeth II
95.8%
King Henry VIII
95.4%
Queen Elizabeth I
91.7%
King Richard I
90.7%
Queen Victoria
88.4%
King Richard III
81.3%
King George VI
80.7%
Remove Ads.
Support Sporcle.
Get the best of Sporcle when you Go Orange. This ad-free experience offers more features, more stats, and more fun while also helping to support Sporcle. Thank you for becoming a member.

You're not logged in!

Compare scores with friends on all Sporcle quizzes.
OR
Log In

Show Comments

Extras

Top Quizzes Today


Score Distribution

Your Account Isn't Verified!

In order to create a playlist on Sporcle, you need to verify the email address you used during registration. Go to your Sporcle Settings to finish the process.

Report this User

Report this user for behavior that violates our Community Guidelines.

Details: